Teoreticko - empirické prístupy migrácie a sociálneho zabezpečenia v kontexte pracovnej migrácie

Teórie migrácie v kontexte sociálnych systémov. Možné súvislosti medzi migráciou a sociálnymi systémami podľa Borjasa. Empirické štúdie migrácie a sociálneho zabezpečenia. Prínosy a riziká voľného pohybu pracovníkov.

Na minha lista:
Detalhes bibliográficos
Autor principal: Poluchová, Ivana
Formato: Capítulo de Livro
Idioma:eslovaco
Assuntos:
Tags: Adicionar Tag
Sem tags, seja o primeiro a adicionar uma tag!

MARC

LEADER 00000nla a2200000 4500
001 0171913
005 20221020085728.0
041 0 |a slo 
044 |a SK 
245 1 0 |a Teoreticko - empirické prístupy migrácie a sociálneho zabezpečenia v kontexte pracovnej migrácie  |c Ivana Poluchová 
520 |a Teórie migrácie v kontexte sociálnych systémov. Možné súvislosti medzi migráciou a sociálnymi systémami podľa Borjasa. Empirické štúdie migrácie a sociálneho zabezpečenia. Prínosy a riziká voľného pohybu pracovníkov. 
610 2 0 |a migrácia 
610 2 0 |a systémy sociálne 
610 2 0 |a zabezpečenie sociálne 
610 2 0 |a pohyb síl pracovných medzinárodný 
100 1 |a Poluchová, Ivana